| 000 | 01786nam a22003017a 4500 | ||
|---|---|---|---|
| 005 | 20180116144114.0 | ||
| 010 | _aराष्ट्रपति B-685314 B-668985 | ||
| 020 |
_a978126320462 _c400.00 |
||
| 035 | _aB-685314 | ||
| 035 | _aB-668985 | ||
| 037 | _bभारतीय ज्ञानपीठ | ||
| 082 | _aउ | ||
| 100 | _aविश्वनाथ सत्यनारायण | ||
| 245 |
_aसहस्रफण / _cविश्वनाथ सत्यनारायण; पी.वी. नरसिंहराव द्वारा अनुदित |
||
| 246 |
_aShasraphan _bby Vishwanath Satyanarayan |
||
| 250 | _aसातवां संस्क. | ||
| 260 |
_aनई दिल्ली _bभारतीय ज्ञानपीठ _c2010 |
||
| 270 |
_a18, इन्स्टीट्यूशनल एरिया, लोदी रोड _bनई दिल्ली _e110003 |
||
| 300 | 8 |
_a455पृ. _b22सेमी(सजिल्द) |
|
| 490 | _aराष्ट्रभारती / लोकोदय ग्रन्थमाला : ग्रन्थांक 285 | ||
| 500 | _aज्ञानपीठ पुरस्कार से सम्मानित कृति | ||
| 505 | _aराष्ट्रपति भवन | ||
| 520 | _aAW | ||
| 700 |
_924521 _aनरसिंहराव, पी. वी. |
||
| 942 |
_2ddc _cHN _hउ _mविश्वना |
||
| 999 |
_c148363 _d148363 |
||